000 00521nab a2200157Ia 4500
003 ES-SlBCS
005 20210601133940.0
008 140529s2008 xxu||||| |||| 00| 0 por d
041 _apor
100 1 _aNeto de Andrade, Luiz Felipe
_9211507
245 0 0 _aÉtica e sociabilidade: Pufendorf e a herança hobbesiana
_c Luiz Felipe Neto De Andrade, Silva Sahd
650 0 4 _aÉtica-Sociabilidad
_9211508
700 1 _aSahd, Silva
_9209071
773 0 _tSintese
_gvol. 35, nº. 112, 2008, págs. 239-254
_wRev973
942 _cAR
999 _c604650
_d604650